Страноведческая информация в воспитательной работе во внеурочное время
Elmentve itt :
| Szerző: | |
|---|---|
| További közreműködők: | |
| Dokumentumtípus: | Szakdolgozat |
| Megjelent: |
1988
|
| Tárgyszavak: | |
| Online Access: | http://diploma.bibl.u-szeged.hu/78671 |
| LEADER | 00630nta a2200157 i 4500 | ||
|---|---|---|---|
| 001 | dipl78671 | ||
| 005 | 20200623115620.0 | ||
| 008 | 190715s1988 hu om 0|| rus d | ||
| 040 | |a SZTE Diploma Repozitórium |b hun | ||
| 041 | |a rus | ||
| 100 | 1 | |a Lénárd Judit | |
| 245 | 1 | 0 | |a Страноведческая информация в воспитательной работе во внеурочное время |h [elektronikus dokumentum] / |c Judit Lénárd |
| 260 | |c 1988 | ||
| 650 | 4 | |a Pedagógusképzés | |
| 700 | 1 | |a Bokányi Dezsőné |e ths | |
| 856 | 4 | 0 | |u http://diploma.bibl.u-szeged.hu/id/eprint/78671/7/1988_lenard_judit.pdf |z Dokumentum-elérés |